Outsourcingová smlouva

Tri základné fázy outsourcingu. Formy outsourcingovej zmluvy. Obsah zmluvy o outsourcingu. Riešenie zmluvých sporov. Outsourcing ako strategické rozhodnutie.

Salvato in:
Dettagli Bibliografici
Autore principale: Náhlovský, Pavel
Natura: Capitolo di libro
Lingua:ceco
Soggetti:
Tags: Aggiungi Tag
Nessun Tag, puoi essere il primo ad aggiungerne!!

MARC

LEADER 00000naa$a2200000$$$4500
001 0019288
005 20231106121720.2
041 0 |a cze 
044 |a CZ 
245 1 0 |a Outsourcingová smlouva  |c Pavel Náhlovský 
520 |a Tri základné fázy outsourcingu. Formy outsourcingovej zmluvy. Obsah zmluvy o outsourcingu. Riešenie zmluvých sporov. Outsourcing ako strategické rozhodnutie. 
610 2 0 |a outsourcing 
610 2 0 |a zmluvy 
610 2 0 |a podnik 
610 2 0 |a znižovanie nákladov 
610 2 0 |a zmluvy o dielo 
610 2 0 |a zmluvy nájomné 
610 2 0 |a rozhodovanie strategické 
100 1 |a Náhlovský, Pavel